000 004870000a22001690004500
003 MACL
005 20151216163018.0
008 151216b xxu||||| |||| 00| 0 eng d
040 _aMACL
_cMACL
041 _aEnglish
082 _a030/CAV
100 _aMarshall Cavendish Corporation
_920522
245 _aHistory of The Ancient & Medieval World
_bVol 6 The Roman Empire
260 _bMarshall Cavendish Corporation
_c1996
650 _aEncyclopaedia
_920523
942 _cBK
_k030/CAV
_2ddc
999 _c39972
_d39972